Beyond culture
Αποθηκεύτηκε σε:
| Κύριος συγγραφέας: | |
|---|---|
| Μορφή: | Βιβλίο |
| Γλώσσα: | English |
| Δημοσίευση: |
New York :
Anchor Books,
1989.
|
| Θέματα: | |
| Ετικέτες: |
Προσθήκη ετικέτας
Δεν υπάρχουν, Καταχωρήστε ετικέτα πρώτοι!
|
MARC
| LEADER | 00000cam a2200000 i 4500 | ||
|---|---|---|---|
| 001 | 1/3910 | ||
| 008 | 960430s1989 nyu| ||| |||| ||eng|| | ||
| 020 | |a 0385124740 | ||
| 035 | |l 10015388 | ||
| 040 | |a GR-MyUA |b gre |e AACR2 | ||
| 041 | 0 | |a eng | |
| 082 | 0 | |a 306 |2 (22) | |
| 100 | 1 | |a Hall, Edward T. |q (Edward Twitchell), |d 1914-2009. | |
| 245 | 1 | 0 | |a Beyond culture / |c Edward T. Hall. |
| 260 | |a New York : |b Anchor Books, |c 1989. | ||
| 300 | |a 298 σ. ; |c 21 εκ. | ||
| 504 | |a Περιλαμβάνει βιβλιογραφικές παραπομπές και ευρετήριο. | ||
| 650 | 0 | 0 | |a Intercultural communication. |
| 650 | 0 | 0 | |a Cultural lag. |
| 650 | 0 | 0 | |a Social evolution. |
| 650 | 0 | 0 | |a Personality and culture. |
| 767 | 0 | 8 | |i Μεταφρασμένο ως: |t Au-dela de la culture / |
| 852 | |a INST |b CHIOS |e 20070831 |h 306 HAL |p 005200025550 |q 005200025550 |t BK |y 0 | ||
| 852 | |a INST |b LESVOS |e 19960430 |h 306 HAL |p 005100006541 |q 005100006541 |t BK |y 0 | ||
| 901 | |a BIBL2-2007-2 | ||
| 909 | |a Λ |b 032792 | ||
| 909 | |a Χ |b 138932 | ||
| 922 | |a 2ΕΛΗ |b 200708 |c ΕΠΕΑΕΚ2/ΤΔΕ |d ΕΛΕΥΘΕΡΟΥΔΑΚΗΣ | ||